000 00326nam a2200121Ia 4500
008 220204s9999 xx 000 0 und d
082 _a347(083.73)
_bCOD
100 _aJAGDISH LAL
245 0 _aCode of civil procedure, 1908(Act no 5 of 1908)
260 _aAllahabad
_bLaw
_c1976
650 _aCivil procedure code
942 _cBK
999 _c24683
_d24683